000 00418nam a22001697a 4500
003 OSt
005 20211129155450.0
008 211129b |||||||| |||| 00| 0 eng d
020 _a8170415414
040 _cH U
082 _a510.30
100 _aARORAL ,S . K.
_920995
245 _aENCYCLOPAEDIC DICTIONARY OF MATHEMATICS
260 _aINDIA
_bANMOL PUBLICATIONS
_c1991
300 _a468
942 _2ddc
_cBOOKS
_n0
999 _c20618
_d20618